Harry Potter: la bataille des Sept Potter - Statistiques

Statistiques générales
  • Ce quiz a été pris 350 fois
  • Le résultat moyen est 28 sur 36
Statistiques - réponses
Information Réponses % Correct
Un des 7 Potter Harry Potter
98%
Un des 7 Potter George Weasley
96%
Victime (blessé) George Weasley
96%
Un des 7 Potter Hermione Granger
96%
Garde du corps Rubeus Hagrid
96%
Un des 7 Potter Fred Weasley
95%
Un des 7 Potter Ron Weasley
95%
Garde du corps Alastor Maugrey
94%
Victime (mort) Alastor Maugrey
94%
Moyen de transport Balai
93%
Moyen de transport Balai
93%
Moyen de transport Balai
93%
Moyen de transport Balai
93%
Moyen de transport Moto Volante de Sirius Black
93%
Première apparition Harry Potter et les Reliques de la Mort
92%
Lieu d'arrivée final Le Terrier
91%
Garde du corps Nymphadora Tonks
91%
Lieu de départ 4 Privet Drive
90%
Un des 7 Potter Fleur Delacour
90%
Garde du corps Bill Weasley
89%
Combattant ennemi Voldemort
82%
Un des 7 Potter Mondingus Fletcher
81%
Première destination Maison des Tonks
80%
Victime (morte) Hedwige
79%
Garde du corps Kingsley Shaklebolt
79%
Garde du corps Remus Lupin
79%
Garde du corps Arthur Weasley
77%
Moyen de transport Sombral
72%
Moyen de transport Sombral
72%
Combattant ennemi Bellatrix Lestrange
66%
Date 27 juillet 1997
63%
Combattant ennemi Severus Rogue
56%
Combattant ennemi Stan Rocade
42%
Première destination Maison de Tante Murielle
19%
Combattant ennemi Rodolphus Lestrange
18%
Combattant ennemi Selwyn
7%
Aucun quiz correspondant
Distribution des résultats
% des personnes avec chaque résultat
Percentile par nombre de réponses
Votre historique - résultats
Vous n’avez pas pris ce quiz